000
00207nam a22000857a 4500
008
160912b xxu||||| |||| 00| 0 eng d
100
_9
376
_a
NCERT
245
_a
Work and Education
260
_a
New Delhi
_b
NCERT
_c
2007
999
_c
3035
_d
3035